Anti-Hero lyrics - Statistics

General Stats
  • This quiz has been taken 346 times
  • The average score is 232 of 323
Answer Stats
Lyrics % Correct
a
99%
I
99%
the
95%
The
95%
Hi
92%
It
92%
it
92%
me
92%
I'm
90%
It's
89%
it's
89%
its
89%
be
87%
for
87%
in
87%
anti-hero
86%
problem
85%
At
83%
at
83%
my
82%
then
81%
but
80%
have
80%
time
80%
never
79%
everybody
77%
Everybody
77%
on
77%
and
76%
this
76%
agrees
75%
always
75%
tea
75%
where
75%
you
75%
must
73%
rooting
73%
dream
72%
mirror
72%
When
72%
will
72%
get
71%
of
71%
old
70%
to
70%
exhausting
69%
is
69%
She
69%
sun
69%
up
69%
from
68%
just
68%
older
68%
wiser
68%
some
67%
thing
67%
left
66%
stare
66%
all
65%
directly
65%
I'll
65%
them
65%
hear
64%
become
63%
Midnights
63%
afternoons
62%
monster
62%
your
62%
money
61%
as
60%
baby
60%
daughter
60%
hill
60%
law
60%
not
60%
sexy
60%
hell!"
59%
kills
59%
like
59%
come
58%
depression
58%
they
58%
us
58%
feel
57%
one
57%
people
56%
room
56%
should
56%
stand
56%
there
56%
thinks
56%
last
54%
devices,
52%
graveyard
52%
I've
52%
out
52%
out,
52%
own
52%
wake
52%
you're
52%
day
51%
laughing
51%
leaving
51%
screaming
51%
shift,
51%
Sometimes
51%
works
51%
dreaming
50%
end
50%
got
50%
with
50%
crisis
49%
"She's
49%
watch
49%
ghosted
48%
Tale
48%
tired
48%
'cause
47%
Too
46%
scheming
45%
family
44%
prices
44%
Did
43%
vices
43%
screams
42%
someone
42%
gathers
41%
city
40%
killed
40%
life
40%
'round
40%
narcissism
39%
big
38%
heart
37%
Slowly
37%
through
37%
hang
36%
lose
36%
favorite
35%
kind
35%
meaning
35%
reads
35%
covert
34%
altruism
33%
congressman
33%
Pierced
33%
toward
33%
lurching
31%
disguise
28%
No matching quizzes found
Score Distribution
Percent of People with Each Score
Percentile by Number Answered
Your Score History
You have not taken this quiz